| Поле | Инд. | ПП | Название | Значение |
|---|---|---|---|---|
| Тип записи | a | |||
| Библиографический уровень | m | |||
| 001 | Контрольный номер | 43fedf09-04e3-4ea4-a137-2b82a04d5c18 | ||
| 005 | Дата корректировки | 20230621111218.2 | ||
| 008 | Кодируемые данные | 050214 | ||
| 020 | a | ISBN | 55861-116-9 | |
| 040 | a | Служба первич. каталог. | НБ ТвГУ | |
| 041 | 0_ | a | Код языка текста | eng |
| 080 | a | Индекс УДК | 78:316.346.2-055.2 | |
| 084 | a | Индекс другой классификации/Индекс ББК | Щ313(0) | |
| 090 | x | Авторский знак | D81 | |
| a | Полочн. индекс | Щ313(0) | ||
| 100 | 1_ | a | Автор | Drinker Sophie |
| d | Дата | 1888-1968 | ||
| 245 | 10 | a | Заглавие | Music and women |
| b | Продолж. заглавия | the story of women in their relation to music | ||
| c | Ответственность | by Sophie Drinker ; pref. by Elizabeth Wood ; afterword by Ruth A. Solie. | ||
| 260 | 0_ | a | Место издания | New York |
| b | Издательство | The Feminist Press at the City | ||
| c | Дата издания | 1995 | ||
| 300 | a | Объем | XIX,382 p. | |
| b | Иллюстрации/ тип воспроизводства | [14] ill. | ||
| 440 | _0 | a | Серия | Diane Peacock Jezic series on women andmusic |
| 504 | a | Библиография | Notes: p. 368-382. - Ind.: p. 313-323. | |
| 650 | 04 | a | Основная рубрика | Музыкальная культура |
| x | Основная подрубрика | История | ||
| 650 | 04 | a | Основная рубрика | Женщины и музыка |
| 653 | 0_ | a | Ключевые слова | Музыка |
| a | Ключевые слова | История музыки | ||
| a | Ключевые слова | Женщины и музыка | ||
| 700 | 1_ | a | Другие авторы | Solie Ruth A. |
| e | Роль лиц | pref. | ||
| 852 | 41 | i | Расстановочный признак | Проверка 2023 |
| 920 | a | Оператор | Хохл | |
| 930 | a | Новая/Ретро | иностр | |
| a | Новая/Ретро | англ | ||
| 952 | c | Вид литературы | К ин | |
| 954 | a | Дата поступления на обработку | 20050216 | |
| e | Дата перешифровки | 20230621 |